Matematika 2

Salvato in:
Dettagli Bibliografici
Autore principale: Benko, Eduard
Ente Autore: Vysoká škola ekonomická v Bratislave. Fakulta riadenia
Altri autori: Huťka, Vladimír, Mojžišová, Elena
Natura: Libro
Lingua:slovacco
Pubblicazione: Bratislava Vysoká škola ekonomická 1983
Tags: Aggiungi Tag
Nessun Tag, puoi essere il primo ad aggiungerne!!

MARC

LEADER 00000nam a2200000 4500
001 c129082
005 20230116104632.7
041 0 |a slo 
044 |a SK 
245 1 0 |a Matematika 2  |c Eduard Benko, Vladimír Huťka, Elena Mojžišová 
264 1 |a Bratislava  |b Vysoká škola ekonomická  |c 1983 
300 |a 347 s. 
100 1 |a Benko, Eduard 
700 1 |a Huťka, Vladimír 
700 1 |a Mojžišová, Elena 
710 2 |a Vysoká škola ekonomická v Bratislave. Fakulta riadenia